[Event "POL-chT3 Pomorskie"]
[Site "Poland"]
[Date "2007.05.13"]
[Round "?"]
[White "Bendyk, Maciej"]
[Black "Zajac, Patryk"]
[Result "0-1"]
[WhiteElo "1800"]
[BlackElo "1800"]
[PlyCount "108"]
[EventDate "2007.03.25"]
[EventType "team-tourn"]
[EventRounds "10"]
[EventCountry "POL"]
[SourceTitle "EXT 2019"]
[Source "ChessBase"]
[SourceDate "2018.10.10"]
[SourceVersion "1"]
[SourceVersionDate "2018.10.10"]
[SourceQuality "1"]

1. d4 d5 2. Nf3 e6 3. c4 Nf6 4. Nc3 Nbd7 5. e3 Be7 6. Bd3 0-0 7. 0-0 b6 8. e4 Bb7 9. e5 Ne8 10. cxd5 exd5 11. Qb3 c6 12. Bf4 Nc7 13. Rac1 Ne6 14. Be3 f6 15. Bf5 Nc7 16. Qc2 h6 17. e6 Nb8 18. Bf4 Nba6 19. Rfe1 c5 20. Bg6 c4 21. Bf7+ Rxf7 22. exf7+ Kxf7 23. Nh4 Kg8 24. Bxh6 Bf8 25. Qg6 Qd7 26. Nf5 Qf7 27. Qxf7+ Kxf7 28. Bxg7 Bc8 29. Bxf8 Bxf5 30. Bd6 Ne6 31. Rcd1 Bd3 32. Nb5 Rd8 33. Bg3 Nb4 34. Re3 a6 35. Nd6+ Ke7 36. a3 Nc2 37. Rexd3 cxd3 38. Nf5+ Kf7 39. Rxd3 Kf8 40. Rd2 Rc8 41. f3 Rc4 42. Kf2 Ncxd4 43. Nxd4 Nxd4 44. Bd6+ Kf7 45. g4 Ke6 46. Bb4 a5 47. Bc3 Nb3 48. Re2+ Kf7 49. h4 d4 50. Be1 d3 51. Rd2 Nxd2 52. Bxd2 Rc2 53. Ke3 Rxb2 54. Kxd3 Rb3+ 0-1

[Event "POL-chT3 Pomorskie"]
[Site "Poland"]
[Date "2007.04.15"]
[Round "?"]
[White "Bendyk, Maciej"]
[Black "Kwasniewski, Jerzy"]
[Result "0-1"]
[WhiteElo "1800"]
[BlackElo "2000"]
[PlyCount "63"]
[EventDate "2007.03.25"]
[EventType "team-tourn"]
[EventRounds "10"]
[EventCountry "POL"]
[SourceTitle "EXT 2019"]
[Source "ChessBase"]
[SourceDate "2018.10.10"]
[SourceVersion "1"]
[SourceVersionDate "2018.10.10"]
[SourceQuality "1"]

1. d4 d5 2. Nf3 f5 3. c4 e6 4. Nc3 c6 5. Bg5 Nf6 6. e3 Bd6 7. Qc2 0-0 8. Bd3 h6 9. Bh4 g5 10. Bg3 Ne4 11. Bxd6 Qxd6 12. Ne5 Nd7 13. c5 Ndxc5 14. Be2 Nd7 15. f4 gxf4 16. exf4 Nxe5 17. fxe5 Qe7 18. Nxe4 fxe4 19. 0-0-0 Bd7 20. h4 Rac8 21. Qd2 Qg7 22. g4 c5 23. Kb1 Rf2 24. Rdf1 Rcf8 25. Rxf2 Rxf2 26. Qe3 Rf8 27. dxc5 Qxe5 28. Qxh6 Rf6 29. Qe3 d4 30. Qb3 d3 31. Qxb7 dxe2 32. Qxd7 0-1

[Event "POL-chT3 Pomorskie"]
[Site "Poland"]
[Date "2007.04.15"]
[Round "?"]
[White "Kwasniewski, Jerzy"]
[Black "Bendyk, Maciej"]
[Result "1-0"]
[WhiteElo "2000"]
[BlackElo "1800"]
[PlyCount "101"]
[EventDate "2007.03.25"]
[EventType "team-tourn"]
[EventRounds "10"]
[EventCountry "POL"]
[SourceTitle "EXT 2019"]
[Source "ChessBase"]
[SourceDate "2018.10.10"]
[SourceVersion "1"]
[SourceVersionDate "2018.10.10"]
[SourceQuality "1"]

1. d4 d5 2. f4 Nf6 3. Nf3 Bf5 4. e3 e6 5. Bd3 Be4 6. 0-0 Nbd7 7. Ne5 Bd6 8. b3 Qe7 9. a4 h5 10. Ba3 Bxa3 11. Nxa3 c6 12. c4 Ng4 13. Nxg4 Bxd3 14. Qxd3 hxg4 15. g3 Nf6 16. Nb1 0-0-0 17. Nc3 Rh5 18. c5 Rdh8 19. Ra2 Rh3 20. b4 Nh5 21. Rg2 f5 22. b5 Qc7 23. bxc6 Qxc6 24. Nb5 Kd7 25. Rb1 Rb8 26. Qb3 Ke7 27. Nxa7 Qa6 28. Nb5 Nf6 29. Nd6 Rhh8 30. Qb5 Ne4 31. Nxe4 fxe4 32. Qxa6 bxa6 33. Rgb2 Rxb2 34. Rxb2 Ra8 35. a5 Kd7 36. Rb6 Ra7 37. Kg2 Ke7 38. h3 gxh3+ 39. Kxh3 Kf6 40. Kg4 g6 41. c6 Rg7 42. Rxa6 g5 43. fxg5+ Rxg5+ 44. Kh4 Rg7 45. g4 Rh7+ 46. Kg3 Kg5 47. Rb6 Rf7 48. c7 Rxc7 49. Rxe6 Rd7 50. Re5+ Kf6 51. Kf4 1-0